The Hindu architecture (Silpa-sastra) (Record no. 5560)

MARC details
000 -LEADER
fixed length control field 00455 a2200169 4500
001 - CONTROL NUMBER
control field 131014
003 - CONTROL NUMBER IDENTIFIER
control field OSt
005 - DATE AND TIME OF LATEST TRANSACTION
control field 20210906145708.0
008 - FIXED-LENGTH DATA ELEMENTS--GENERAL INFORMATION
fixed length control field
082 ## - DEWEY DECIMAL CLASSIFICATION NUMBER
Classification number 720.954
Item number P64H
100 1# - MAIN ENTRY--PERSONAL NAME
Personal name Pillai, Govinda Krishna
245 1# - TITLE STATEMENT
Title The Hindu architecture (Silpa-sastra)
Statement of responsibility, etc by Govinda Krishna Pillai
260 ## - PUBLICATION, DISTRIBUTION, ETC. (IMPRINT)
Place of publication, distribution, etc Delhi
Name of publisher, distributor, etc Bhartiya kala prakashan
Date of publication, distribution, etc 2004
300 ## - PHYSICAL DESCRIPTION
Extent 194p.
690 ## - LOCAL SUBJECT ADDED ENTRY--TOPICAL TERM (OCLC, RLIN)
Topical term or geographic name as entry element Hindu architecture
942 ## - ADDED ENTRY ELEMENTS (KOHA)
Source of classification or shelving scheme Dewey Decimal Classification
Koha item type Books
Holdings
Withdrawn status Lost status Source of classification or shelving scheme Damaged status Not for loan Collection code Home library Current library Date acquired Source of acquisition Cost, normal purchase price Total Checkouts Full call number Barcode Date last seen Date checked out Price effective from Koha item type
    Dewey Decimal Classification     General Text Book Central University Of Rajasthan Central University Of Rajasthan 08/06/2012 ARC 1500.00 1 720.954 P64H 7081 21/11/2024 17/10/2024 02/09/2020 Books